Science Quiz

Random Science Quiz

Element Etymology Part I Quiz Stats

Quiz not verified by Sporcle

Challenge
Share
Tweet
Score 0/25 Timer 10:00
0 Plays Today
% Correct
Helium
87.8%
Scandium
87.8%
Lithium
82.9%
Hydrogen
80.5%
Magnesium
80.5%
Aluminium
80.5%
Chlorine
80.5%
Fluorine
78%
Titanium
78%
Beryllium
75.6%
Boron
75.6%
Neon
75.6%
Sodium
75.6%
% Correct
Chromium
75.6%
Manganese
75.6%
Carbon
73.2%
Nitrogen
73.2%
Oxygen
73.2%
Phosphorus
73.2%
Potassium
73.2%
Vanadium
70.7%
Calcium
68.3%
Sulphur
63.4%
Argon
63.4%
Silicon
58.5%

You're not logged in!

Compare scores with friends on all Sporcle quizzes.
Sign Up with Email
OR
Log In

You Might Also Like...

Show Comments

Extras

Top Quizzes Today


Score Distribution

Your Account Isn't Verified!

In order to create a playlist on Sporcle, you need to verify the email address you used during registration. Go to your Sporcle Settings to finish the process.